[Event "Temuco Universidad de La Frontera"]
[Site "Temuco"]
[Date "2017.07.20"]
[Round "6"]
[White "Mieres Huerta, Jason Andres"]
[Black "Perez Gonzalez, Felipe Ignacio"]
[Result "1-0"]
[WhiteElo "1469"]
[BlackElo "1804"]
[PlyCount "63"]
[EventDate "2017.07.19"]
[EventType "tourn"]
[EventRounds "9"]
[EventCountry "CHI"]
[SourceTitle "EXT 2018"]
[Source "ChessBase"]
[SourceDate "2017.10.13"]
[SourceVersion "1"]
[SourceVersionDate "2017.10.13"]
[SourceQuality "1"]

1. e4 c5 2. Nc3 a6 3. a4 d6 4. f4 e5 5. f5 Nf6 6. Bc4 Nbd7 7. a5 b6 8. Nf3 Bb7 9. d3 Be7 10. 0-0 0-0 11. Bd2 b5 12. Bd5 Nxd5 13. Nxd5 Nf6 14. Nxe7+ Qxe7 15. Bg5 Rac8 16. Qe1 h6 17. Bh4 Ba8 18. c4 bxc4 19. dxc4 g6 20. Ra3 Kg7 21. Bxf6+ Qxf6 22. Rd3 g5 23. h3 Rb8 24. b3 Rfd8 25. Qe2 Kf8 26. Nh2 Ke7 27. Ng4 Qh8 28. f6+ Ke6 29. Nxh6 Kd7 30. Nxf7 Qh4 31. Rxd6+ Kc7 32. Rxd8 1-0

[Event "Temuco Universidad de La Frontera"]
[Site "Temuco"]
[Date "2017.07.19"]
[Round "2"]
[White "Larama Denis, Giovanni Andre"]
[Black "Mieres Huerta, Jason Andres"]
[Result "1-0"]
[WhiteElo "1719"]
[BlackElo "1469"]
[PlyCount "69"]
[EventDate "2017.07.19"]
[EventType "tourn"]
[EventRounds "9"]
[EventCountry "CHI"]
[SourceTitle "EXT 2018"]
[Source "ChessBase"]
[SourceDate "2017.10.13"]
[SourceVersion "1"]
[SourceVersionDate "2017.10.13"]
[SourceQuality "1"]

1. d4 d5 2. Nf3 g6 3. Bf4 Bg7 4. e3 Nf6 5. h3 0-0 6. Be2 b6 7. c4 c5 8. Nc3 Bb7 9. 0-0 Nc6 10. dxc5 bxc5 11. Nxd5 Nxd5 12. cxd5 Nb4 13. d6 Be4 14. dxe7 Qxe7 15. Bd6 Qb7 16. Bxf8 Rxf8 17. Qb3 Bc2 18. Qc4 Bxb2 19. a3 Bf5 20. axb4 Bxa1 21. Rxa1 cxb4 22. Nd4 Be4 23. Bf3 Bxf3 24. Nxf3 Rc8 25. Rxa7 Qxa7 26. Qxc8+ Kg7 27. Qc4 Qa1+ 28. Kh2 Qc3 29. Qxc3+ bxc3 30. Nd4 Kf6 31. Kg3 h6 32. Kf4 h5 33. h4 g5+ 34. hxg5+ Kg6 35. Ke4 1-0

[Event "Temuco Universidad de La Frontera"]
[Site "Temuco"]
[Date "2017.07.19"]
[Round "1"]
[White "Mieres Huerta, Jason Andres"]
[Black "Castillo Rivera, Carlos Alberto"]
[Result "0-1"]
[WhiteElo "1469"]
[BlackElo "2020"]
[PlyCount "54"]
[EventDate "2017.07.19"]
[EventType "tourn"]
[EventRounds "9"]
[EventCountry "CHI"]
[SourceTitle "EXT 2018"]
[Source "ChessBase"]
[SourceDate "2017.10.13"]
[SourceVersion "1"]
[SourceVersionDate "2017.10.13"]
[SourceQuality "1"]

1. e4 c5 2. Nf3 Nc6 3. Bb5 g6 4. c3 Nf6 5. d3 Bg7 6. 0-0 0-0 7. Be3 Qb6 8. Qa4 d6 9. Nbd2 Bd7 10. b4 a6 11. Bxc6 Bxc6 12. bxc5 dxc5 13. Nc4 Qc7 14. Qa3 b6 15. Rab1 Nd7 16. Ncd2 e5 17. Rfc1 Qb7 18. Nb3 Qc7 19. Nfd2 Bb5 20. d4 Bd3 21. Rb2 c4 22. Na1 Rfe8 23. d5 Bf8 24. Qa4 Nc5 25. Bxc5 Bxc5 26. Qd1 Ba3 27. d6 Qc5 0-1